000 01224nam0a22002651 4500
001 rc\3599099
005 20130115142901.9
021 _aRU
_b[70-12232]
035 _a(NLR Aleph) 007812137
090 _a7716927
_c7716927
100 _a20130115d1969 |||y0rusy50 ca
101 0 _arus
102 _aRU
105 _aa z |||||
200 1 _aАвтоматические стационарные машины для завертывания шпилек
_e(Рекомендации по механизации и автоматизации процесса)
_fНауч.-исслед. ин-т технологии автомоб. пром-сти "НИИТАвтопром"
210 _aМосква
_cСпециализир. информ. центр по технологии автомобилестроения
_d1969
215 _a28 с., 1 л. черт.
_cчерт.
_d20
606 _aШпильки (техн.)
_xСборка
_xАвтоматизация и механизация
_2psbo
700 1 _aПрохватилов
_bЕ. И.
_gЕвгений Иванович
701 1 _aГусаков
_bБ. В.
801 0 _aRU
_bNLR
_gpsbo
801 1 _aRU
_bELAR
_2rusmarc
852 _aNLR
_j70-4/697
942 _cBOOK
980 _aNB